| 000 | 00425cam a2200181ua 4500 | ||
|---|---|---|---|
| 020 | _c4 | ||
| 041 |
_amal _h |
||
| 082 |
_a894.8121 _bAPP/VA |
||
| 100 | _aAppuni Nambiar, M C . | ||
| 245 |
_aVatakkan Pattukkal / _cM C Appuni Nambir. _hTextual Documents |
||
| 250 |
_a1 / _b. |
||
| 260 |
_aKollam : _bModern Books , _c1965. |
||
| 300 | _a256 ; . | ||
| 365 | _a4 | ||
| 504 | _a | ||
| 942 | _cBK | ||
| 999 |
_c4010 _d4010 |
||